<?xml version="1.0" encoding="UTF-8"?>
<record
    xmlns:xsi="http://www.w3.org/2001/XMLSchema-instance"
    xsi:schemaLocation="http://www.loc.gov/MARC21/slim http://www.loc.gov/standards/marcxml/schema/MARC21slim.xsd"
    xmlns="http://www.loc.gov/MARC21/slim">

  <leader>01074cam a2200289 c 4500</leader>
  <datafield tag="999" ind1=" " ind2=" ">
    <subfield code="c">4228</subfield>
    <subfield code="d">4228</subfield>
  </datafield>
  <controlfield tag="001">a5048795</controlfield>
  <controlfield tag="003">SpMaBN</controlfield>
  <controlfield tag="005">20180709181815.0</controlfield>
  <controlfield tag="008">110519s2011    sp a   | |||| 000 0 spa  </controlfield>
  <datafield tag="015" ind1=" " ind2=" ">
    <subfield code="a">MON1111</subfield>
  </datafield>
  <datafield tag="017" ind1=" " ind2=" ">
    <subfield code="a">SS 349-2011</subfield>
    <subfield code="b">Oficina Dep&#xF3;sito Legal Guip&#xFA;zcoa</subfield>
  </datafield>
  <datafield tag="020" ind1=" " ind2=" ">
    <subfield code="a">9788496993211</subfield>
  </datafield>
  <datafield tag="035" ind1=" " ind2=" ">
    <subfield code="a">(OCoLC)776277368</subfield>
  </datafield>
  <datafield tag="040" ind1=" " ind2=" ">
    <subfield code="a">SpMaBN</subfield>
    <subfield code="b">spa</subfield>
    <subfield code="c">SpMaBN</subfield>
    <subfield code="e">rdc</subfield>
  </datafield>
  <datafield tag="082" ind1=" " ind2=" ">
    <subfield code="a">305.4 O58r 2011</subfield>
  </datafield>
  <datafield tag="245" ind1="0" ind2="0">
    <subfield code="a">(Re)pensar los derechos humanos desde una perspeciva de g&#xE9;nero / </subfield>
    <subfield code="c">Beatriz de Lucas Larrea, Yosra Bouyanzari, Elena Apil&#xE1;nez Piniella ... [et al.]</subfield>
  </datafield>
  <datafield tag="246" ind1="3" ind2=" ">
    <subfield code="a">Repensar los derechos humanos desde una perspeciva de g&#xE9;nero</subfield>
  </datafield>
  <datafield tag="260" ind1=" " ind2=" ">
    <subfield code="a">Donostia-San Sebasti&#xE1;n : </subfield>
    <subfield code="b">Tercera Prensa = Hirugarren Prentsa,</subfield>
    <subfield code="c">2011</subfield>
  </datafield>
  <datafield tag="300" ind1=" " ind2=" ">
    <subfield code="a">167 p&#xE1;ginas.</subfield>
    <subfield code="b">ilustrado., gr&#xE1;ficas.</subfield>
  </datafield>
  <datafield tag="490" ind1="0" ind2=" ">
    <subfield code="a">Gakoa liburuak</subfield>
    <subfield code="v">n. 13</subfield>
  </datafield>
  <datafield tag="504" ind1=" " ind2=" ">
    <subfield code="a">Incluye referencias bibliogr&#xE1;ficas</subfield>
  </datafield>
  <datafield tag="650" ind1=" " ind2="7">
    <subfield code="a">Mujeres</subfield>
    <subfield code="x">Derechos</subfield>
    <subfield code="z">Am&#xE9;rica Latina</subfield>
  </datafield>
  <datafield tag="650" ind1=" " ind2="7">
    <subfield code="a">Mujeres</subfield>
    <subfield code="z">Am&#xE9;rica Latina</subfield>
    <subfield code="x">Situaci&#xF3;n social</subfield>
    <subfield code="2">embne</subfield>
  </datafield>
  <datafield tag="700" ind1="1" ind2=" ">
    <subfield code="a">Lucas Larrea, Beatriz de</subfield>
  </datafield>
  <datafield tag="942" ind1=" " ind2=" ">
    <subfield code="2">ddc</subfield>
    <subfield code="c">BK</subfield>
  </datafield>
  <datafield tag="956" ind1=" " ind2=" ">
    <subfield code="a">2</subfield>
  </datafield>
  <datafield tag="952" ind1=" " ind2=" ">
    <subfield code="0">0</subfield>
    <subfield code="1">0</subfield>
    <subfield code="2">ddc</subfield>
    <subfield code="4">0</subfield>
    <subfield code="7">0</subfield>
    <subfield code="8">CG</subfield>
    <subfield code="a">BJHA</subfield>
    <subfield code="b">BJHA</subfield>
    <subfield code="c">GEN</subfield>
    <subfield code="d">2018-07-09</subfield>
    <subfield code="i">18-01703</subfield>
    <subfield code="l">0</subfield>
    <subfield code="o">305.4 O58r 2011</subfield>
    <subfield code="p">18-01703</subfield>
    <subfield code="r">2018-10-06 00:00:00</subfield>
    <subfield code="t">e.1</subfield>
    <subfield code="w">2018-07-09</subfield>
    <subfield code="y">BK</subfield>
  </datafield>
</record>
